00869nam a2200205 a 450000100060000000300080000600500170001400800410003103500190007204000460009104100080013708200260014510000280017124502040019926000960040330000360049950000200053561000680055565000400062350051BD-RjUL20211209075441.0160823s1937 at a b 001 0 eng  a(BD-RjUL)50171 aDLCcOrPRdOrPRdOCoLCdDLCdBD-RjULbeng aeng a331.1550994bFOT 19371 aFoenander, Orwell de R.10aTowards industrial peace in Australia :ba series of essays in the history of the commonwealth Court of conciliation and arbitration : an economic-legal-historical study /cby Orwell de R. Foenander. aMelbourne :bMelbourne University Press in association with Oxford University Press,c1937. axxvii, 292 p. :bill. ;c23 cm. aIncludes index.10aAustralia.bCommonwealth Court of Conciliation and Arbitration. 0aArbitration, IndustrialzAustralia.